| 000 | 00954pam a2200301 a 4500 | ||
|---|---|---|---|
| 001 | 16162 | ||
| 003 | UkOxU | ||
| 005 | 20211208235951.0 | ||
| 008 | 140211r2007 enk 001 0 eng d | ||
| 020 | _a9780470034514 (pbk.) | ||
| 020 | _a0470034513 (pbk.) | ||
| 020 | _a9788126513925 | ||
| 035 |
_a(Uk)013567431 _a(BD-RjUL)16217 |
||
| 040 |
_aStDuBDS _beng _cStDuBDS _dBD-RjUL |
||
| 041 | _aeng | ||
| 082 | 0 | 4 |
_a658.4 _222 _bSOC 2007 |
| 100 | 1 |
_aSolomon, J. _q(Jill) _950022 |
|
| 245 | 1 | 0 |
_aCorporate governance and accountability / _cJill Solomon and Aris Solomon |
| 250 | _a2nd ed. | ||
| 260 |
_aChichester : _bJohn Wiley, _c2007. |
||
| 300 |
_axvi, 303 p. ; _c25 cm. |
||
| 500 | _aPrevious ed.: New York: John Wiley, 2004. | ||
| 504 | _aIncludes bibliographical references and index | ||
| 650 | 0 |
_aCorporate governance. _950023 |
|
| 650 | 0 |
_aSocial responsibility of business. _941946 |
|
| 700 |
_aSolomon , Aris _9184783 |
||
| 942 |
_2ddc _cBK |
||
| 999 |
_c16162 _d16162 |
||